Britain, Europe and Civil Nuclear Energy, 1945-62 Power Politics /

This book examines the role played by civil nuclear energy in Britain's relationship with Europe between the end of the Second World War and London's first application to join the European Communities. Tracing the development of the British nuclear programme as it emerged as a global leade...

Full description

Bibliographic Details
Main Author: Theaker, Martin (Author, http://id.loc.gov/vocabulary/relators/aut)
Corporate Author: SpringerLink (Online service)
Format: Electronic eBook
Language:English
Published: Cham : Springer International Publishing : Imprint: Palgrave Macmillan, 2018.
Edition:1st ed. 2018.
Series:Britain and the World
Subjects:
Online Access:Full Text via HEAL-Link
LEADER 03326nam a2200529 4500
001 978-3-319-73927-4
003 DE-He213
005 20191027042634.0
007 cr nn 008mamaa
008 180315s2018 gw | s |||| 0|eng d
020 |a 9783319739274  |9 978-3-319-73927-4 
024 7 |a 10.1007/978-3-319-73927-4  |2 doi 
040 |d GrThAP 
050 4 |a DA1-995 
072 7 |a HBJD1  |2 bicssc 
072 7 |a HIS015000  |2 bisacsh 
072 7 |a NHD  |2 thema 
082 0 4 |a 941  |2 23 
100 1 |a Theaker, Martin.  |e author.  |4 aut  |4 http://id.loc.gov/vocabulary/relators/aut 
245 1 0 |a Britain, Europe and Civil Nuclear Energy, 1945-62  |h [electronic resource] :  |b Power Politics /  |c by Martin Theaker. 
250 |a 1st ed. 2018. 
264 1 |a Cham :  |b Springer International Publishing :  |b Imprint: Palgrave Macmillan,  |c 2018. 
300 |a XIX, 297 p. 5 illus.  |b online resource. 
336 |a text  |b txt  |2 rdacontent 
337 |a computer  |b c  |2 rdamedia 
338 |a online resource  |b cr  |2 rdacarrier 
347 |a text file  |b PDF  |2 rda 
490 1 |a Britain and the World 
505 0 |a 1: Introduction -- -- 2: Britain and the Limits of Atomic Independence, 1945-53 -- 3: Britain and 'Atoms for Peace', 1953-55 -- 4: Finding a Buyer: Atomic Exports, 1953-57 -- 5: Diverging Paths: Euratom and the OEEC, 1955-58 -- 6: Britain, the United States and Euratom, 1958-60 -- 7: Atomic Energy, the Cold War and the EEC, 1960-62 -- 8: Conclusion. 
520 |a This book examines the role played by civil nuclear energy in Britain's relationship with Europe between the end of the Second World War and London's first application to join the European Communities. Tracing the development of the British nuclear programme as it emerged as a global leader in constructing the world's first atomic power stations, it analyses how the threat of energy shortages throughout the 1950s presented ministers with a golden opportunity to utilise nuclear cooperation as an instrument to influence the political shape of Europe. Importantly, this book will show how this chance was missed by ministers due to a combination of disorganization and diplomatic pressure, as well as a perennial lack of domestic resources. In so doing, this book joins the long-disconnected historiographies of European integration and nuclear energy to offer a new perspective on both scholarly fields. 
650 0 |a Great Britain-History. 
650 0 |a Europe-History-1492-. 
650 0 |a History. 
650 0 |a United States-History. 
650 1 4 |a History of Britain and Ireland.  |0 http://scigraph.springernature.com/things/product-market-codes/717020 
650 2 4 |a History of Modern Europe.  |0 http://scigraph.springernature.com/things/product-market-codes/717080 
650 2 4 |a History of Science.  |0 http://scigraph.springernature.com/things/product-market-codes/731000 
650 2 4 |a US History.  |0 http://scigraph.springernature.com/things/product-market-codes/718010 
710 2 |a SpringerLink (Online service) 
773 0 |t Springer eBooks 
776 0 8 |i Printed edition:  |z 9783319739267 
776 0 8 |i Printed edition:  |z 9783319739281 
776 0 8 |i Printed edition:  |z 9783030088873 
830 0 |a Britain and the World 
856 4 0 |u https://doi.org/10.1007/978-3-319-73927-4  |z Full Text via HEAL-Link 
912 |a ZDB-2-HTY 
950 |a History (Springer-41172)